000 02412cam a2200325 a 4500
003 EG-GiCUC
005 20250223031336.0
008 151116s2015 ua do f m 000 0 ara d
040 _aEG-GiCUC
_bara
_cEG-GiCUC
041 0 _aara
049 _aايداع
097 _aدكتوراه
099 _aCai01.15.02.Ph.D.2015.أح.ت
100 0 _aأحمد محمود عبدالحليم محمود
245 1 0 _aتأثير السياسات الاقتصادية على الحملات الإعلانية فى الصحف اليومية :
_bدراسة تقويمية خلال عام 2008/
_cأحمد محمود عبدالحليم محمود ؛ إشراف محمود سليمان علم الدين
246 1 5 _aThe effect of economic policies on the advertising campaigns in the daily newspapers :
_bAn assessment study during 2008
260 _aالقاهرة :
_bأحمد محمود عبدالحليم محمود :
_c2015
300 _a338 ورقة :
_bرسوم بيانية : صور ؛
_c30سم
502 _aأطروحة (دكتوراه) - جامعة القاهرة - كلية الإعلام - قسم الصحافة
520 _aتتناول الدراسة السياسات الاقتصادية و تأثيرها على الحملات الإعلانية فى الصحف اليومية ( دراسة تقويمية خلال عام 2008 ) باعتبار هذه السياسات مدخلات تؤثر فى الممارسة الإعلانية للحملات الإعلانية لتفرز مجموعة من المخرجات المالية و الاقتصادية و الفنية و الاجتماعية و الثقافية و الأخلاقية التى تحدد طبيعة الأداء الإعلانى الصحفى مع الأخذ فى الاعتبار العوامل البيئية التى تشكل هذه السياسات سواء من داخل منظمات الأعمال أو شركات و وكالات الإعلان و الصحف و المؤسسات الصحفية : أو من خارجها
530 _aصدر ايضا كقرص مدمج
653 4 _aالحملات الإعلانية فى الصحف
653 4 _aالسياسات الاقتصادية
653 4 _aالصحف اليومية
700 0 _aمحمود سليمان علم الدين :
_eمشرف
856 _uhttp://172.23.153.220/th.pdf
905 _aEnas
_eCataloger
905 _aNazla
_eRevisor
942 _2ddc
_cTH
999 _c53337
_d53337